[Event "Stockholm SCT (Women)"]
[Site "Stockholm"]
[Date "2009.06.22"]
[Round "6"]
[White "Bengtsson, Jessica"]
[Black "Bashkite, Viktoria"]
[Result "1/2-1/2"]
[WhiteElo "1730"]
[BlackElo "2159"]
[PlyCount "85"]
[EventDate "2009.06.17"]
[EventType "tourn"]
[EventRounds "9"]
[EventCountry "SWE"]
[SourceTitle "CBM 130 Extra"]
[Source "ChessBase"]
[SourceDate "2009.07.02"]
[SourceVersion "2"]
[SourceVersionDate "2009.07.15"]
[SourceQuality "1"]

1. e4 d6 2. d4 Nf6 3. Nc3 c6 4. Nf3 Bg4 5. a4 Nbd7 6. Be2 e5 7. 0-0 Be7 8. Be3 0-0 9. h3 Bxf3 10. Bxf3 h6 11. Qd2 Nh7 12. Be2 Bg5 13. f4 exf4 14. Bxf4 Ndf6 15. Rae1 Qb6 16. b3 Rae8 17. Bxg5 Nxg5 18. Bf3 Re7 19. Re3 Rfe8 20. Qd3 a5 21. Kh1 Qb4 22. Na2 Qa3 23. Nc3 Qb4 24. Na2 Qb6 25. Nc3 Qc7 26. Rfe1 Qc8 27. Kh2 Qe6 28. R3e2 Nxf3+ 29. Qxf3 Nh7 30. Qf5 Ng5 31. h4 Qxf5 32. exf5 Rxe2 33. Rxe2 Rxe2 34. Nxe2 Ne4 35. g4 Kf8 36. Kg2 Ke7 37. Kf3 d5 38. Nf4 Kd6 39. Nd3 b5 40. Nb2 Nc3 41. Ke3 bxa4 42. Nxa4 Nxa4 43. bxa4 1/2-1/2

[Event "Keres Memorial (Women)"]
[Site "Tallinn"]
[Date "2009.01.11"]
[Round "6"]
[White "Bashkite, Viktoria"]
[Black "Airapetjan, Jana"]
[Result "1-0"]
[WhiteElo "2160"]
[BlackElo "1694"]
[PlyCount "67"]
[EventDate "2009.01.10"]
[EventType "tourn (rapid)"]
[EventRounds "7"]
[EventCountry "EST"]
[SourceTitle "CBM 128 Extra"]
[Source "ChessBase"]
[SourceDate "2009.03.05"]
[SourceVersion "2"]
[SourceVersionDate "2009.03.25"]
[SourceQuality "1"]

1. c4 e5 2. Nc3 f5 3. g3 Nf6 4. Bg2 c6 5. d4 e4 6. d5 d6 7. Nh3 Nbd7 8. 0-0 Ne5 9. Qb3 Nfd7 10. Be3 Ng4 11. Bf4 Qb6 12. Qxb6 Nxb6 13. f3 exf3 14. exf3 Nf6 15. Rae1+ Kd7 16. dxc6+ bxc6 17. b3 Bb7 18. Rd1 d5 19. Be3 Nc8 20. cxd5 cxd5 21. Nf4 Bb4 22. Ncxd5 Nxd5 23. Nxd5 Bxd5 24. Rxd5+ Ke6 25. f4 Rb8 26. Rc1 Nb6 27. Rc6+ Ke7 28. Bxb6 axb6 29. Rxf5 Bc5+ 30. Kf1 Rhd8 31. Re5+ Kf8 32. Ke2 Ra8 33. a4 Rd7 34. Rcxc5 1-0

[Event "Keres Memorial (Women)"]
[Site "Tallinn"]
[Date "2009.01.10"]
[Round "2"]
[White "Bashkite, Viktoria"]
[Black "Narva, Triin"]
[Result "1/2-1/2"]
[WhiteElo "2160"]
[BlackElo "1835"]
[PlyCount "136"]
[EventDate "2009.01.10"]
[EventType "tourn (rapid)"]
[EventRounds "7"]
[EventCountry "EST"]
[SourceTitle "CBM 128 Extra"]
[Source "ChessBase"]
[SourceDate "2009.03.05"]
[SourceVersion "2"]
[SourceVersionDate "2009.03.25"]
[SourceQuality "1"]

1. Nf3 Nf6 2. c4 g6 3. Nc3 Bg7 4. g3 0-0 5. Bg2 d6 6. d4 Nbd7 7. 0-0 e5 8. dxe5 dxe5 9. Qc2 c6 10. Rd1 Qe7 11. b3 h6 12. Bb2 Nh7 13. e4 f5 14. exf5 gxf5 15. Nh4 Qf6 16. Ba3 Rf7 17. Rd6 Qe7 18. Rad1 Ndf8 19. Nb1 Qc7 20. Rd8 Bf6 21. Re8 Bxh4 22. gxh4 Nf6 23. Bd6 Qb6 24. c5 Qb4 25. Rxe5 Qxh4 26. Re3 f4 27. Rf3 Bg4 28. Bxf8 Bxf3 29. Bxf3 Raxf8 30. Qf5 Qg5+ 31. Qxg5+ hxg5 32. h3 Rh7 33. Kg2 Re7 34. Nc3 Kg7 35. Rd6 Rfe8 36. b4 Re6 37. Rd4 R8e7 38. b5 Re5 39. bxc6 bxc6 40. Na4 Ne4 41. Rd8 Nxc5 42. Bxc6 Nxa4 43. Bxa4 Rf5 44. Bb3 Rf8 45. Rd5 Rf6 46. Kf3 Kh6 47. Kg4 Rg7 48. Bc2 Rc6 49. Bf5 Rg8 50. Rd7 Rh8 51. Rxa7 Rc1 52. Ra6+ Kg7 53. Kxg5 Rf1 54. Ra7+ Kf8 55. Kf6 Rh6+ 56. Bg6 Rxg6+ 57. Kxg6 Rxf2 58. Kf5 Rh2 59. Kxf4 Rxh3 60. Ke5 Ke8 61. Kd6 Rd3+ 62. Kc7 Rc3+ 63. Kb8 Kd8 64. a4 Rc8+ 65. Kb7 Rc7+ 66. Kb6 Rxa7 67. Kxa7 Kc7 68. a5 Kc8 1/2-1/2

[Event "Olympiad Women-38"]
[Site "Dresden"]
[Date "2008.11.25"]
[Round "11"]
[White "Bashkite, Viktoria"]
[Black "Lauterbach, Ingrid"]
[Result "1-0"]
[WhiteElo "2129"]
[BlackElo "2178"]
[PlyCount "141"]
[EventDate "2008.11.13"]
[EventType "team-swiss"]
[EventRounds "11"]
[EventCountry "GER"]
[SourceTitle "CBM 128"]
[Source "ChessBase"]
[SourceDate "2009.01.28"]
[SourceVersion "1"]
[SourceVersionDate "2009.01.28"]
[SourceQuality "1"]
[WhiteTeam "Estonia (W)"]
[BlackTeam "England (W)"]
[WhiteTeamCountry "EST"]
[BlackTeamCountry "ENG"]

1. e4 g6 2. d4 Bg7 3. Nc3 d6 4. h3 a6 5. a4 b6 6. Nge2 e6 7. g4 Bb7 8. Bg2 Ne7 9. Be3 h5 10. g5 Nbc6 11. Qd2 Na5 12. b3 Qd7 13. 0-0 0-0 14. Rad1 Rad8 15. Nf4 d5 16. Qd3 c6 17. Qe2 c5 18. e5 Qc7 19. Na2 Nf5 20. Nd3 c4 21. Ndc1 b5 22. b4 Nc6 23. a5 Rb8 24. c3 Rfc8 25. Qc2 Bf8 26. Ne2 Qd8 27. Bc1 Be7 28. f4 Bf8 29. Kh2 Nce7 30. Bd2 Nc6 31. Nac1 Qc7 32. Ng3 Nxg3 33. Kxg3 Nxd4 34. cxd4 c3 35. Nd3 cxd2 36. Nc5 Bxc5 37. dxc5 d4 38. Qxd2 Bxg2 39. Qxg2 Rd8 40. Qe4 d3 41. Rf3 d2 42. Kf2 Qd7 43. Ke3 Qe7 44. Rf2 Rd5 45. Rfxd2 Rxd2 46. Rxd2 Rd8 47. Rd6 Rxd6 48. exd6 Qd7 49. Kd4 Kh7 50. Ke5 Qd8 51. Kd4 Qh8+ 52. Qe5 Qa8 53. d7 Qg2 54. Qe4 Qb2+ 55. Ke3 Qc1+ 56. Ke2 Qb2+ 57. Kf3 Qb3+ 58. Kf2 Qb2+ 59. Kg3 Qc3+ 60. Qf3 Qe1+ 61. Qf2 Qc3+ 62. Kh2 Qd3 63. c6 Kg8 64. c7 Qxd7 65. Qc2 Qc8 66. Qc5 Kg7 67. Qe7 e5 68. Qf6+ Kh7 69. Qxf7+ Kh8 70. Qf6+ Kh7 71. Qe7+ 1-0

[Event "Olympiad Women-38"]
[Site "Dresden"]
[Date "2008.11.22"]
[Round "9"]
[White "Borsuk, Angela"]
[Black "Bashkite, Viktoria"]
[Result "1/2-1/2"]
[WhiteElo "2398"]
[BlackElo "2129"]
[PlyCount "70"]
[EventDate "2008.11.13"]
[EventType "team-swiss"]
[EventRounds "11"]
[EventCountry "GER"]
[SourceTitle "CBM 128"]
[Source "ChessBase"]
[SourceDate "2009.01.28"]
[SourceVersion "1"]
[SourceVersionDate "2009.01.28"]
[SourceQuality "1"]
[WhiteTeam "Israel (W)"]
[BlackTeam "Estonia (W)"]
[WhiteTeamCountry "ISR"]
[BlackTeamCountry "EST"]

1. d4 d5 2. Nf3 c6 3. e3 Nf6 4. c4 e6 5. Nbd2 Nbd7 6. Bd3 Bd6 7. 0-0 e5 8. cxd5 cxd5 9. e4 0-0 10. exd5 exd4 11. Nc4 Nb6 12. Bg5 h6 13. Nxb6 axb6 14. Bh4 Bg4 15. Bc2 Be7 16. Qd3 g6 17. Nxd4 Nxd5 18. Bxe7 Nxe7 19. h3 Bd7 20. Rfe1 Nc6 21. Bb3 Qf6 22. Rad1 Rfe8 23. Rxe8+ Rxe8 24. Nxc6 Bxc6 25. Qg3 Re5 26. h4 Kg7 27. Bc4 Rh5 28. Rd6 Qe5 29. Qxe5+ Rxe5 30. f3 b5 31. Bf1 Rc5 32. Rd2 Rh5 33. Rd4 Rc5 34. Rb4 g5 35. hxg5 hxg5 1/2-1/2

[Event "WMSG Rapid Team 1st (Women)"]
[Site "Beijing"]
[Date "2008.10.16"]
[Round "7"]
[White "Van Weersel, Arlette"]
[Black "Bashkite, Viktoria"]
[Result "1/2-1/2"]
[WhiteElo "2209"]
[BlackElo "2129"]
[PlyCount "52"]
[EventDate "2008.10.14"]
[EventType "team-tourn (rapid)"]
[EventRounds "9"]
[EventCountry "CHN"]
[SourceTitle "CBM 126 Extra"]
[Source "ChessBase"]
[SourceDate "2008.11.05"]
[SourceVersion "1"]
[SourceVersionDate "2008.11.05"]
[SourceQuality "1"]

1. e4 e5 2. Nf3 Nf6 3. Nc3 Nc6 4. d4 exd4 5. Nxd4 Bb4 6. Nxc6 bxc6 7. Bd3 d5 8. exd5 cxd5 9. 0-0 0-0 10. Bg5 c6 11. Qf3 h6 12. Bh4 Rb8 13. h3 Bd6 14. Rab1 Re8 15. Bg3 Be6 16. Rfd1 c5 17. Bb5 Rf8 18. a4 Bxg3 19. Qxg3 Qb6 20. b3 Rfd8 21. Bd3 Kf8 22. Qf3 Qb4 23. Nb5 Rd7 24. Bf5 Bxf5 25. Qxf5 a6 26. c3 axb5 1/2-1/2

[Event "WMSG Rapid Team 1st (Women)"]
[Site "Beijing"]
[Date "2008.10.15"]
[Round "3"]
[White "Bashkite, Viktoria"]
[Black "Bhatia, Kanwal K"]
[Result "1-0"]
[WhiteElo "2129"]
[BlackElo "2065"]
[PlyCount "59"]
[EventDate "2008.10.14"]
[EventType "team-tourn (rapid)"]
[EventRounds "9"]
[EventCountry "CHN"]
[SourceTitle "CBM 126 Extra"]
[Source "ChessBase"]
[SourceDate "2008.11.05"]
[SourceVersion "1"]
[SourceVersionDate "2008.11.05"]
[SourceQuality "1"]

1. c4 e5 2. Nc3 Nf6 3. g3 Nc6 4. Bg2 Bc5 5. a3 a5 6. e3 d6 7. Nge2 0-0 8. 0-0 Bb6 9. h3 Be6 10. Nd5 Ba7 11. d3 Ne8 12. Bd2 f5 13. b4 axb4 14. axb4 Nb8 15. b5 Nd7 16. Qc2 Kh8 17. Kh2 Rf7 18. Nb4 Nef6 19. Bxb7 g5 20. Bg2 e4 21. Nc6 Qg8 22. Rxa7 Rxa7 23. Nxa7 Qg6 24. Nd4 Nc5 25. Nxe6 Nxe6 26. dxe4 Nxe4 27. Bc3+ Kg8 28. Nc6 N6c5 29. Ra1 Rf8 30. Ne7+ 1-0

[Event "WMSG Blitz Team 1st (Women)"]
[Site "Beijing"]
[Date "2008.10.13"]
[Round "2"]
[White "Bashkite, Viktoria"]
[Black "Exler, Veronika"]
[Result "1-0"]
[WhiteElo "2129"]
[BlackElo "2024"]
[PlyCount "53"]
[EventDate "2008.10.13"]
[EventType "team-tourn (blitz)"]
[EventRounds "11"]
[EventCountry "CHN"]
[SourceTitle "CBM 126 Extra"]
[Source "ChessBase"]
[SourceDate "2008.11.05"]
[SourceVersion "1"]
[SourceVersionDate "2008.11.05"]
[SourceQuality "1"]

1. c4 Nf6 2. Nc3 g6 3. g3 Bg7 4. Bg2 0-0 5. d3 d6 6. Nf3 c6 7. 0-0 e5 8. e4 Be6 9. h3 Nbd7 10. Ng5 Ne8 11. Nxe6 fxe6 12. Be3 Nc7 13. Qg4 Qe8 14. h4 Nf6 15. Qe2 Nh5 16. Bh3 Rf7 17. b4 Qf8 18. Rab1 Kh8 19. b5 c5 20. b6 axb6 21. Rxb6 Ra3 22. Nb1 Ra7 23. Bg4 Nf6 24. Bh3 Rd7 25. Qb2 Qa8 26. Nc3 Ng8 27. Rb1 1-0

[Event "WMSG Blitz Team 1st (Women)"]
[Site "Beijing"]
[Date "2008.10.13"]
[Round "9"]
[White "Bashkite, Viktoria"]
[Black "Fronda Pascua, Jan Jodilyn"]
[Result "0-1"]
[WhiteElo "2129"]
[BlackElo "1996"]
[PlyCount "96"]
[EventDate "2008.10.13"]
[EventType "team-tourn (blitz)"]
[EventRounds "11"]
[EventCountry "CHN"]
[SourceTitle "CBM 126 Extra"]
[Source "ChessBase"]
[SourceDate "2008.11.05"]
[SourceVersion "1"]
[SourceVersionDate "2008.11.05"]
[SourceQuality "1"]

1. c4 c5 2. Nc3 Nf6 3. Nf3 Nc6 4. d4 cxd4 5. Nxd4 d6 6. g3 g6 7. Bg2 Bd7 8. 0-0 Bg7 9. Nxc6 Bxc6 10. Nd5 Nxd5 11. cxd5 Bd7 12. Qb3 Rb8 13. Be3 b6 14. Rac1 0-0 15. Qa3 a5 16. b4 Ra8 17. bxa5 Rxa5 18. Qb3 Qa8 19. Rc7 Ba4 20. Qb1 Re8 21. Qe4 Bf6 22. Bxb6 Rb5 23. Be3 Rb2 24. a3 Rxe2 25. Qc4 Rb2 26. Bd4 Bb5 27. Qc3 Bxd4 28. Qxd4 Qxa3 29. Re1 Qb4 30. Qxb4 Rxb4 31. Rexe7 Rxe7 32. Rxe7 Rb1+ 33. Bf1 Bxf1 34. f4 Bc4+ 35. Kf2 Bxd5 36. Ke3 Rb7 37. Re8+ Kg7 38. Kd4 Be6 39. Rd8 Rb4+ 40. Kc3 Rc4+ 41. Kd3 d5 42. h4 Bf5+ 43. Kd2 d4 44. Rd5 Rc2+ 45. Kd1 d3 46. g4 Bxg4+ 47. Ke1 Re2+ 48. Kf1 d2 0-1

[Event "WMSG Blitz Team 1st (Women)"]
[Site "Beijing"]
[Date "2008.10.13"]
[Round "11"]
[White "Bashkite, Viktoria"]
[Black "Mohammed, Jannar Worya"]
[Result "1/2-1/2"]
[WhiteElo "2129"]
[BlackElo "1913"]
[PlyCount "133"]
[EventDate "2008.10.13"]
[EventType "team-tourn (blitz)"]
[EventRounds "11"]
[EventCountry "CHN"]
[SourceTitle "CBM 126 Extra"]
[Source "ChessBase"]
[SourceDate "2008.11.05"]
[SourceVersion "1"]
[SourceVersionDate "2008.11.05"]
[SourceQuality "1"]

1. c4 e5 2. Nc3 Nf6 3. g3 g6 4. Bg2 Bg7 5. d3 0-0 6. Nf3 Nc6 7. 0-0 d6 8. Rb1 Rb8 9. b4 a6 10. b5 axb5 11. Nxb5 Bd7 12. a4 Na5 13. Bd2 b6 14. Bb4 Nc6 15. Ba3 Re8 16. Nd2 Nd4 17. Re1 Bc6 18. e4 Bh6 19. Nxd4 exd4 20. Nf3 Ra8 21. Rb4 Bb7 22. Qb1 Nd7 23. Rb3 c5 24. Bc1 Bxc1 25. Qxc1 Qf6 26. Qh6 Qg7 27. Qf4 Qf8 28. h4 Re6 29. Ng5 Rf6 30. Qg4 Bc8 31. Qd1 Rxa4 32. Bh3 Ra6 33. h5 Ne5 34. Bxc8 Qxc8 35. hxg6 fxg6 36. Qb1 Qg4 37. Rxb6 Rxb6 38. Qxb6 Qxg5 39. Qd8+ Kg7 40. Qe7+ Rf7 41. Qxg5 Nf3+ 42. Kg2 Nxg5 43. f4 Ne6 44. e5 dxe5 45. Rxe5 Kf6 46. Kf3 Ra7 47. Ke4 Ra3 48. Kd5 Rxd3 49. Rxe6+ Kf7 50. Rc6 Rxg3 51. Rc7+ Kf6 52. Rxh7 d3 53. Rh2 Kf5 54. Kxc5 Kxf4 55. Kd4 g5 56. Rf2+ Kg4 57. c5 Rh3 58. c6 Rh7 59. Kxd3 Rc7 60. Rc2 Kf4 61. Ke2 Kg3 62. Ke3 g4 63. Ke4 Kh3 64. Kf4 g3 65. Rc3 Kh2 66. Rxg3 Rxc6 67. Rg5 1/2-1/2

[Event "WMSG Blitz Team 1st (Women)"]
[Site "Beijing"]
[Date "2008.10.13"]
[Round "3"]
[White "Van Weersel, Arlette"]
[Black "Bashkite, Viktoria"]
[Result "1/2-1/2"]
[WhiteElo "2209"]
[BlackElo "2129"]
[PlyCount "93"]
[EventDate "2008.10.13"]
[EventType "team-tourn (blitz)"]
[EventRounds "11"]
[EventCountry "CHN"]
[SourceTitle "CBM 126 Extra"]
[Source "ChessBase"]
[SourceDate "2008.11.05"]
[SourceVersion "1"]
[SourceVersionDate "2008.11.05"]
[SourceQuality "1"]

1. e4 e6 2. d3 d5 3. Nd2 c5 4. Ngf3 Nc6 5. g3 Bd6 6. Bg2 Nge7 7. 0-0 0-0 8. Re1 Qc7 9. c3 f6 10. Qe2 b6 11. a4 d4 12. Nc4 e5 13. Bd2 Ba6 14. Nxd6 Qxd6 15. c4 Bc8 16. a5 Be6 17. h4 Rab8 18. Reb1 b5 19. b3 bxc4 20. bxc4 Nb4 21. Ne1 Nec6 22. Qd1 a6 23. Bf1 Rb7 24. Nc2 Rfb8 25. Nxb4 Nxb4 26. Qa4 Bd7 27. Qd1 Qc7 28. Kg2 Qc8 29. Kh2 Bg4 30. f3 Be6 31. f4 Bg4 32. Qc1 Qe6 33. f5 Qf7 34. Bxb4 Rxb4 35. Rxb4 Rxb4 36. Rb1 Qb7 37. Rxb4 Qxb4 38. Qa1 Qd2+ 39. Bg2 Bf3 40. Qf1 Bxg2 41. Qxg2 Qxd3 42. Qb2 Qxc4 43. Qb8+ Kf7 44. Qc7+ Ke8 45. Qc8+ Ke7 46. Qc7+ Ke8 47. Qc8+ 1/2-1/2

[Event "EST-FIN m"]
[Site "Tallinn"]
[Date "2008.01.13"]
[Round "1"]
[White "Bashkite, Viktoria"]
[Black "Tuominen, Tanja"]
[Result "0-1"]
[WhiteElo "2174"]
[BlackElo "2084"]
[PlyCount "118"]
[EventDate "2008.01.13"]
[EventType "team-tourn"]
[EventRounds "1"]
[EventCountry "EST"]
[SourceTitle "CBM 122 Extra"]
[Source "ChessBase"]
[SourceDate "2008.03.04"]
[SourceVersion "1"]
[SourceVersionDate "2008.03.04"]
[SourceQuality "1"]

1. d4 d5 2. c4 c6 3. Nf3 Nf6 4. e3 e6 5. Nc3 Bd6 6. Qc2 Nbd7 7. Be2 0-0 8. 0-0 dxc4 9. Bxc4 e5 10. h3 exd4 11. exd4 Nb6 12. Bd3 h6 13. Ne5 Nbd5 14. a3 c5 15. Nf3 cxd4 16. Nxd4 Nxc3 17. Qxc3 Be5 18. Be3 Nd5 19. Qc4 Nxe3 20. fxe3 Qg5 21. Rf3 b5 22. Qc6 Bxd4 23. exd4 Rb8 24. Qe4 g6 25. Qe5 Qxe5 26. dxe5 Re8 27. Rc1 Rxe5 28. Rc7 Be6 29. Rxa7 Bd5 30. Rf4 Rg5 31. Be4 Bxe4 32. Rxe4 Rd8 33. Re2 Rd1+ 34. Kh2 Rf5 35. Rb7 h5 36. h4 Kg7 37. g3 Rd3 38. Kg2 Rff3 39. Rxb5 Rxg3+ 40. Kf2 Rg4 41. Re3 Rxe3 42. Kxe3 Rxh4 43. b3 Rh1 44. a4 h4 45. a5 Ra1 46. Kf3 f6 47. Rb7+ Kh6 48. b4 Ra3+ 49. Kg2 g5 50. Rb6 Kg6 51. a6 g4 52. Rc6 h3+ 53. Kh2 Kg5 54. Rc5+ Kh4 55. Ra5 g3+ 56. Kg1 Rf3 57. Ra1 h2+ 58. Kg2 Rf2+ 59. Kh1 Kh3 0-1

[Event "Keres Memorial-B"]
[Site "Tallinn"]
[Date "2008.01.07"]
[Round "2"]
[White "Bashkite, Viktoria"]
[Black "Korchagina, Victoria"]
[Result "1-0"]
[WhiteElo "2174"]
[BlackElo "2182"]
[PlyCount "61"]
[EventDate "2008.01.06"]
[EventType "tourn"]
[EventRounds "9"]
[EventCountry "EST"]
[EventCategory "1"]
[SourceTitle "CBM 122 Extra"]
[Source "ChessBase"]
[SourceDate "2008.03.04"]
[SourceVersion "1"]
[SourceVersionDate "2008.03.04"]
[SourceQuality "1"]

1. d4 Nf6 2. c4 g6 3. Nc3 d5 4. Nf3 Bg7 5. Bf4 c6 6. e3 0-0 7. h3 Qa5 8. Nd2 Nbd7 9. Be2 dxc4 10. Nxc4 Qd8 11. Bf3 Nb6 12. Nxb6 Qxb6 13. Qe2 Be6 14. 0-0 Rfd8 15. Rfc1 Nd5 16. Bg5 Nxc3 17. bxc3 Rd7 18. c4 a5 19. Rab1 Qa6 20. a4 Rad8 21. Qc2 f6 22. Bf4 Bf7 23. Qc3 e5 24. dxe5 fxe5 25. Bxe5 Bxe5 26. Qxe5 Bxc4 27. Bg4 Rd6 28. Rxc4 Qxc4 29. Rxb7 Qf7 30. Rxf7 Kxf7 31. Qxa5 1-0

[Event "EU-chT (Women) 16th"]
[Site "Heraklion"]
[Date "2007.10.30"]
[Round "3"]
[White "Saric, Kristina"]
[Black "Bashkite, Viktoria"]
[Result "0-1"]
[WhiteElo "2148"]
[BlackElo "2193"]
[PlyCount "136"]
[EventDate "2007.10.28"]
[EventType "tourn"]
[EventRounds "9"]
[EventCountry "GRE"]
[SourceTitle "EXT 2008"]
[Source "ChessBase"]
[SourceDate "2007.11.25"]
[SourceVersion "1"]
[SourceVersionDate "2007.11.25"]
[SourceQuality "1"]
[WhiteTeam "Croatia (W)"]
[BlackTeam "Estonia (W)"]
[WhiteTeamCountry "CRO"]
[BlackTeamCountry "EST"]

1. e4 d6 2. d4 Nf6 3. f3 c6 4. c4 e5 5. Ne2 Be7 6. Nbc3 0-0 7. Be3 Nbd7 8. d5 c5 9. Ng3 Ne8 10. Qd2 Nb6 11. Bd3 Bd7 12. 0-0 h6 13. a3 Rc8 14. Nce2 Bg5 15. f4 exf4 16. Nxf4 Nf6 17. h3 Rc7 18. Nfh5 Nxh5 19. Nxh5 Bxe3+ 20. Qxe3 Qg5 21. Qxg5 hxg5 22. Rae1 f6 23. b3 Be8 24. Ng3 g6 25. Be2 Nd7 26. Bg4 Ne5 27. Be6+ Kg7 28. a4 b6 29. Ne2 a6 30. Nc3 Bd7 31. Bxd7 Rxd7 32. Rd1 Rh8 33. Rd2 Rf7 34. Ra2 Rb8 35. Rd2 Kf8 36. g3 Ke7 37. Kg2 Rh7 38. g4 Rbh8 39. Rh1 Nxg4 40. a5 Ne3+ 41. Kg3 Nf1+ 42. Rxf1 Rxh3+ 43. Kf2 Rxc3 44. Kg2 bxa5 45. Ra1 Rch3 46. Rda2 Rh2+ 47. Kg1 Rh1+ 48. Kg2 R8h2+ 49. Kg3 Rh3+ 50. Kg2 R1h2+ 51. Kg1 Rxa2 52. Rxa2 Rxb3 53. Rxa5 Rb6 54. Kf2 f5 55. e5 dxe5 56. Rxc5 Rd6 57. Rc7+ Kf6 58. Rh7 g4 59. Rh1 f4 60. Rd1 e4 61. c5 Rd8 62. c6 Ke7 63. c7 Rc8 64. d6+ Kd7 65. Rd4 e3+ 66. Ke2 g5 67. Rd5 Rg8 68. Rd4 Re8 0-1

[Event "EU Union-ch 3rd"]
[Site "Arvier"]
[Date "2007.06.24"]
[Round "10"]
[White "Bashkite, Viktoria"]
[Black "Tate, Alan"]
[Result "1/2-1/2"]
[WhiteElo "2202"]
[BlackElo "2058"]
[PlyCount "46"]
[EventDate "2007.06.15"]
[EventType "swiss"]
[EventRounds "10"]
[EventCountry "ITA"]
[SourceTitle "CBM 118 Extra"]
[Source "ChessBase"]
[SourceDate "2007.07.04"]
[SourceVersion "1"]
[SourceVersionDate "2007.07.04"]
[SourceQuality "1"]

1. c4 c5 2. Nc3 Nc6 3. Nf3 e5 4. d3 Nge7 5. Nd5 d6 6. g3 Nxd5 7. cxd5 Ne7 8. Qb3 Qb6 9. Qc4 Bd7 10. a4 Nf5 11. Bh3 Be7 12. 0-0 0-0 13. Kg2 Rad8 14. e3 Qc7 15. b4 Qc8 16. Ng1 b6 17. Bb2 Rfe8 18. b5 e4 19. dxe4 Nh4+ 20. gxh4 Bxh3+ 21. Nxh3 Qg4+ 22. Kh1 Qf3+ 23. Kg1 Qg4+ 1/2-1/2

[Event "EU Union-ch 3rd"]
[Site "Arvier"]
[Date "2007.06.21"]
[Round "7"]
[White "Bashkite, Viktoria"]
[Black "Majer, Christopher"]
[Result "0-1"]
[WhiteElo "2202"]
[BlackElo "2036"]
[PlyCount "102"]
[EventDate "2007.06.15"]
[EventType "swiss"]
[EventRounds "10"]
[EventCountry "ITA"]
[SourceTitle "CBM 118 Extra"]
[Source "ChessBase"]
[SourceDate "2007.07.04"]
[SourceVersion "1"]
[SourceVersionDate "2007.07.04"]
[SourceQuality "1"]

1. Nf3 Nf6 2. c4 c5 3. Nc3 Nc6 4. d4 cxd4 5. Nxd4 g6 6. e4 d6 7. Be2 Nxd4 8. Qxd4 Bg7 9. Bg5 Qa5 10. Qd2 0-0 11. 0-0 Be6 12. f3 Rfe8 13. Rac1 Rac8 14. b3 Bd7 15. Kh1 Bc6 16. Be3 Nd7 17. Qe1 Kf8 18. Bd2 Kg8 19. Qh4 Nf6 20. Rc2 Qc7 21. Bd3 b6 22. f4 Qb7 23. Nd5 b5 24. f5 bxc4 25. bxc4 Ba4 26. Rcc1 Qb2 27. Bc3 Qa3 28. fxg6 hxg6 29. Qf4 Bc6 30. Bxf6 exf6 31. Nxf6+ Bxf6 32. Qxf6 Rc7 33. Rc3 Qc5 34. Rc2 Qe5 35. Qh4 Rb8 36. Rcf2 Rd7 37. Qg4 Rb2 38. Rxb2 Qxb2 39. c5 Qd4 40. Bc2 dxc5 41. Bb3 Qxe4 42. Qg3 c4 43. Bd1 Qd3 44. Qb8+ Kh7 45. Qf4 Qxd1 46. h4 Qd2 47. Qg4 c3 48. h5 Qh6 49. Qc4 Qxh5+ 50. Kg1 Qd5 51. Qh4+ Kg8 0-1

[Event "Bykova Memorial (Women)"]
[Site "Vladimir"]
[Date "2006.12.23"]
[Round "9"]
[White "Bashkite, Viktoria"]
[Black "Zimina, Olga"]
[Result "1/2-1/2"]
[WhiteElo "2239"]
[BlackElo "2398"]
[PlyCount "86"]
[EventDate "2006.12.14"]
[EventType "tourn"]
[EventRounds "9"]
[EventCountry "RUS"]
[EventCategory "3"]
[SourceTitle "CBM 115 Extra"]
[Source "ChessBase"]
[SourceDate "2007.01.10"]
[SourceVersion "1"]
[SourceVersionDate "2007.01.10"]
[SourceQuality "1"]

1. e4 c6 2. d4 d5 3. exd5 cxd5 4. c4 Nf6 5. Nc3 g6 6. Qb3 Bg7 7. cxd5 0-0 8. Nge2 Na6 9. g3 b5 10. a3 Nc7 11. Bg2 Bb7 12. 0-0 Ncxd5 13. Qxb5 Rb8 14. Qa4 Qb6 15. Bg5 e6 16. Rab1 Rfc8 17. Qd1 Ba6 18. Re1 Bc4 19. Qd2 Qb3 20. Nxd5 Nxd5 21. Nf4 Rb5 22. Nxd5 Bxd5 23. Rbc1 Rcb8 24. Bxd5 Rxd5 25. Rc3 Qb7 26. Rec1 h5 27. b4 Bxd4 28. Rc7 Qb6 29. Be3 Rbd8 30. Bxd4 Rxd4 31. Qe2 R4d5 32. R1c5 Rd3 33. Qe5 Qa6 34. b5 Qa4 35. Kg2 Rd2 36. Rc4 Qxa3 37. Qf6 Qf8 38. Rxa7 R2d5 39. b6 Rf5 40. Qe7 Rd2 41. Qxf8+ Kxf8 42. b7 Rfxf2+ 43. Kg1 Rg2+ 1/2-1/2